[Event "XI Torneo Banco di Roma A"]
[Site "Roma ITA"]
[Date "1988.02.??"]
[Round "1"]
[White "Braga, Fernando Alberto"]
[Black "Todorcevic Antic, Miodrag"]
[Result "1/2-1/2"]
[WhiteElo "2425"]
[BlackElo "2475"]
[PlyCount "110"]
[EventDate "1988.02.20"]

1. d4 g6 2. e4 Bg7 3. Nf3 d6 4. Bc4 c6 5. Qe2 Nf6 6. e5 dxe5 7. dxe5 Nd5 8. h3
O-O 9. Nbd2 Nf4 10. Qf1 Bf5 11. Nb3 Ne6 12. Qe2 b5 13. Bxe6 Bxe6 14. Bg5 Qc7
15. Qe3 Bd5 16. Nbd4 Qa5+ 17. Kf1 Qb4 18. Kg1 Nd7 19. Rd1 f6 20. exf6 exf6 21.
Nxc6 Bxc6 22. Qe6+ Kh8 23. Qxc6 Rad8 24. Rxd7 Rxd7 25. Qxd7 fxg5 26. b3 Qc3 27.
Qxb5 Qxc2 28. a4 Qc1+ 29. Qf1 Qf4 30. Qc4 Qd6 31. Qe4 h6 32. g3 Rb8 33. h4 g4
34. Qxg4 Rxb3 35. Qc8+ Qf8 36. Qxf8+ Bxf8 37. Kg2 Ra3 38. Rc1 Rxa4 39. Rc8 Kg7
40. Rc7+ Kf6 41. Rc6+ Kf5 42. Nh2 g5 43. g4+ Ke5 44. hxg5 hxg5 45. Rg6 Be7 46.
Kg3 Kd5 47. Nf3 Ra3 48. Kg2 Ra4 49. Kg3 a5 50. Nxg5 Bd6+ 51. Kh3 Rf4 52. f3 a4
53. Ne4 Rxf3+ 54. Kg2 Kxe4 55. Rxd6 Rb3 1/2-1/2

[Event "XI Torneo Banco di Roma A"]
[Site "Roma ITA"]
[Date "1988.02.??"]
[Round "1"]
[White "Gulko, Boris F."]
[Black "Hansen, Curt"]
[Result "1/2-1/2"]
[WhiteElo "2595"]
[BlackElo "2560"]
[PlyCount "29"]
[EventDate "1988.02.20"]

1. d4 Nf6 2. c4 g6 3. Nc3 d5 4. e3 Bg7 5. Qb3 e6 6. Qa3 c6 7. Nf3 a5 8. cxd5
exd5 9. Bd3 Na6 10. O-O Nb4 11. Bb1 b6 12. Qa4 O-O 13. a3 Bb7 14. Qb3 Na6 15.
Bd2 1/2-1/2

[Event "XI Torneo Banco di Roma A"]
[Site "Roma ITA"]
[Date "1988.02.??"]
[Round "1"]
[White "Lanzani, Mario"]
[Black "Rigo, Janos"]
[Result "1/2-1/2"]
[WhiteElo "2375"]
[BlackElo "2370"]
[PlyCount "43"]
[EventDate "1988.02.20"]

1. d4 Nf6 2. c4 e6 3. g3 d5 4. Bg2 c6 5. Nf3 Nbd7 6. Qb3 Be7 7. O-O O-O 8. Nc3
a5 9. Bf4 dxc4 10. Qxc4 Nb6 11. Qd3 Nbd5 12. Bd2 b6 13. Ne5 Bb7 14. Rfd1 Nd7
15. Nxd7 Qxd7 16. Rac1 Ba6 17. Qc2 Rac8 18. a3 Rfd8 19. e4 Nxc3 20. Bxc3 Bg5
21. f4 Be7 22. Kh1 1/2-1/2

[Event "XI Torneo Banco di Roma A"]
[Site "Roma ITA"]
[Date "1988.02.??"]
[Round "1"]
[White "Marjanovic, Slavoljub"]
[Black "Tatai, Stefano"]
[Result "1/2-1/2"]
[WhiteElo "2480"]
[BlackElo "2380"]
[PlyCount "47"]
[EventDate "1988.02.20"]

1. e4 c5 2. Nf3 d6 3. d4 cxd4 4. Nxd4 Nf6 5. Nc3 g6 6. Be3 Bg7 7. f3 O-O 8. Qd2
Nc6 9. Bc4 Bd7 10. h4 Rc8 11. Bb3 h5 12. O-O-O Ne5 13. Bh6 Nc4 14. Bxc4 Rxc4
15. Bxg7 Kxg7 16. Kb1 Qa5 17. Nb3 Qc7 18. Ne2 Rc8 19. c3 b5 20. Qe3 a5 21. Nf4
a4 22. Nd2 e5 23. Nd3 Rc6 24. Nb4 1/2-1/2

[Event "XI Torneo Banco di Roma A"]
[Site "Roma ITA"]
[Date "1988.02.??"]
[Round "2"]
[White "Lukacs, Peter"]
[Black "Gulko, Boris F."]
[Result "1/2-1/2"]
[WhiteElo "2490"]
[BlackElo "2595"]
[PlyCount "89"]
[EventDate "1988.02.20"]

1. d4 d6 2. Nf3 Bg4 3. c4 Nd7 4. Nc3 e5 5. d5 Be7 6. Nd2 f5 7. Qc2 Nh6 8. g3
O-O 9. Bg2 Qe8 10. b3 e4 11. Nf1 Bf6 12. Ne3 Nc5 13. Bb2 a5 14. Nb5 Qe7 15.
Bxf6 Rxf6 16. Qc3 f4 17. gxf4 Rxf4 18. h3 Bh5 19. Rf1 Raf8 20. Nd4 Qh4 21. Kd2
Rxf2 22. Rxf2 Rxf2 23. Rf1 b6 24. Qa1 Rxf1 25. Bxf1 Qg5 26. Qc3 Be8 27. a3 Bd7
28. b4 Na4 29. Qa1 Qe5 30. Ndc2 Qxa1 31. Nxa1 axb4 32. axb4 Nf5 33. Nxf5 Bxf5
34. Nc2 Kf7 35. Nd4 Bd7 36. Nb5 Bxb5 37. cxb5 Kf6 38. Kc2 e3 39. Kb3 Kg5 40.
Kxa4 Kh4 41. Bg2 Kg3 42. Be4 Kf2 43. Bf3 Kg3 44. Be4 Kf2 45. Bf3 1/2-1/2

[Event "XI Torneo Banco di Roma A"]
[Site "Roma ITA"]
[Date "1988.02.??"]
[Round "2"]
[White "Rigo, Janos"]
[Black "Braga, Fernando Alberto"]
[Result "1-0"]
[WhiteElo "2370"]
[BlackElo "2425"]
[PlyCount "65"]
[EventDate "1988.02.20"]

1. e4 c5 2. Nf3 d6 3. d4 cxd4 4. Nxd4 Nf6 5. Nc3 g6 6. Be3 Bg7 7. f3 O-O 8. Bc4
Nc6 9. Qd2 Bd7 10. O-O-O Rc8 11. Bb3 Ne5 12. g4 Nc4 13. Bxc4 Rxc4 14. h4 Qa5
15. Nb3 Qa6 16. h5 Rfc8 17. hxg6 fxg6 18. Kb1 b5 19. Bh6 Bh8 20. e5 dxe5 21. g5
Bf5 22. gxf6 Bxf6 23. Ne4 Rxe4 24. fxe4 Bxe4 25. Nc5 Rxc5 26. Qd8+ Kf7 27. Qf8+
Ke6 28. Qg8+ Kf5 29. Rdf1+ Kg4 30. Rhg1+ Kh5 31. Qxh7 Bxc2+ 32. Ka1 g5 33. Qf7+
1-0

[Event "XI Torneo Banco di Roma A"]
[Site "Roma ITA"]
[Date "1988.02.??"]
[Round "3"]
[White "Braga, Fernando Alberto"]
[Black "Hansen, Curt"]
[Result "1-0"]
[WhiteElo "2425"]
[BlackElo "2560"]
[PlyCount "85"]
[EventDate "1988.02.20"]

1. d4 Nf6 2. c4 g6 3. Nc3 d5 4. Bf4 Bg7 5. e3 c5 6. dxc5 Qa5 7. Qa4+ Qxa4 8.
Nxa4 Ne4 9. f3 Bd7 10. fxe4 Bxa4 11. cxd5 Bxb2 12. Rb1 Bc3+ 13. Kf2 Nd7 14. Rc1
Nxc5 15. Kf3 Bb4 16. Rc4 a5 17. a3 Bd1+ 18. Be2 Bxe2+ 19. Nxe2 Nb3 20. Rc2 Bxa3
21. Rb1 a4 22. Nd4 b6 23. Nxb3 axb3 24. Rxb3 Bc5 25. Bc7 O-O 26. Bxb6 Bd6 27.
Bc7 Ra7 28. Rbc3 Rc8 29. Bxd6 Rxc3 30. Rxc3 exd6 31. Rc6 Rd7 32. e5 dxe5 33.
Ke4 Kg7 34. Kxe5 Ra7 35. e4 Ra2 36. d6 Ra5+ 37. Kd4 Kf6 38. Rc5 Ra2 39. e5+ Ke6
40. Rc7 Rd2+ 41. Ke3 Rd5 42. Re7+ Kf5 43. g4+ 1-0

[Event "XI Torneo Banco di Roma A"]
[Site "Roma ITA"]
[Date "1988.02.??"]
[Round "3"]
[White "Lanzani, Mario"]
[Black "Lukacs, Peter"]
[Result "1/2-1/2"]
[WhiteElo "2375"]
[BlackElo "2490"]
[PlyCount "64"]
[EventDate "1988.02.20"]

1. e4 e5 2. Nf3 Nc6 3. Bb5 a6 4. Ba4 Nf6 5. d4 exd4 6. O-O Be7 7. Re1 b5 8. e5
Nxe5 9. Rxe5 d6 10. Re1 bxa4 11. Nxd4 Bd7 12. Qf3 O-O 13. Nc6 Bxc6 14. Qxc6 Nd7
15. Nc3 Bf6 16. Nd5 a3 17. Nxf6+ Qxf6 18. Qxd7 axb2 19. Bxb2 Qxb2 20. Qxc7 d5
21. Reb1 Qf6 22. Qb6 Qf5 23. Qb3 Rfc8 24. Qd3 Qxd3 25. cxd3 Rc2 26. g3 g6 27.
a4 Rc3 28. Rb7 Rxd3 29. Rc1 Re8 30. Rb6 Ra8 31. Rcc6 Ra3 32. Rb4 a5 1/2-1/2

[Event "XI Torneo Banco di Roma A"]
[Site "Roma ITA"]
[Date "1988.02.??"]
[Round "3"]
[White "Todorcevic Antic, Miodrag"]
[Black "Rigo, Janos"]
[Result "1-0"]
[WhiteElo "2475"]
[BlackElo "2370"]
[PlyCount "81"]
[EventDate "1988.02.20"]

1. Nf3 Nf6 2. g3 e6 3. Bg2 d5 4. c4 Be7 5. O-O O-O 6. b3 c5 7. d3 Nc6 8. e3 e5
9. cxd5 Nxd5 10. a3 Be6 11. Bb2 Qc7 12. Nbd2 Rfd8 13. Qc2 h6 14. Rac1 Rac8 15.
Qb1 Qb8 16. Qa1 f6 17. Rfe1 Nb6 18. d4 e4 19. Nxe4 Na5 20. Nfd2 c4 21. b4 Nb3
22. Nxb3 cxb3 23. Nc5 Bxc5 24. bxc5 Na4 25. Qb1 Bf7 26. e4 b6 27. c6 b5 28. d5
f5 29. exf5 Qd6 30. Re3 Bxd5 31. Be5 Qxa3 32. c7 Rd7 33. Rd1 Nb6 34. Red3 Qa2
35. Bxd5+ Rxd5 36. Rxd5 Nxd5 37. Qd3 b2 38. Bxb2 Nb6 39. Qxb5 Kh7 40. f6 Rxc7
41. fxg7 1-0

[Event "XI Torneo Banco di Roma A"]
[Site "Roma ITA"]
[Date "1988.02.??"]
[Round "4"]
[White "Lukacs, Peter"]
[Black "Braga, Fernando Alberto"]
[Result "1-0"]
[WhiteElo "2490"]
[BlackElo "2425"]
[PlyCount "41"]
[EventDate "1988.02.20"]

1. d4 Nf6 2. c4 c5 3. d5 e5 4. Nc3 d6 5. e4 Be7 6. g3 Na6 7. Bh3 Bxh3 8. Nxh3
Qd7 9. Ng5 Nc7 10. O-O h6 11. Nf3 Qh3 12. Qa4+ Nd7 13. Ne1 f5 14. exf5 Qxf5 15.
Qc2 Qh5 16. Ng2 O-O 17. f4 Nf6 18. Nh4 Ng4 19. Qg6 Nf6 20. fxe5 dxe5 21. Rxf6
1-0

[Event "XI Torneo Banco di Roma A"]
[Site "Roma ITA"]
[Date "1988.02.??"]
[Round "4"]
[White "Marjanovic, Slavoljub"]
[Black "Lanzani, Mario"]
[Result "1/2-1/2"]
[WhiteElo "2480"]
[BlackElo "2375"]
[PlyCount "40"]
[EventDate "1988.02.20"]

1. e4 c5 2. Nf3 d6 3. d4 cxd4 4. Nxd4 Nf6 5. Nc3 Nc6 6. Bg5 e6 7. Qd2 Be7 8.
O-O-O O-O 9. f4 h6 10. Bxf6 Bxf6 11. Nxc6 bxc6 12. Qxd6 Qb6 13. Qd3 Rb8 14. b3
Rd8 15. Qf3 Bd4 16. Bc4 Qb4 17. Rd3 Qa3+ 18. Kb1 Qb4 19. Kc1 Qa3+ 20. Kb1 Qb4
1/2-1/2

[Event "XI Torneo Banco di Roma A"]
[Site "Roma ITA"]
[Date "1988.02.??"]
[Round "4"]
[White "Tatai, Stefano"]
[Black "Rigo, Janos"]
[Result "1/2-1/2"]
[WhiteElo "2380"]
[BlackElo "2370"]
[PlyCount "59"]
[EventDate "1988.02.20"]

1. d4 Nf6 2. c4 e6 3. Nf3 d5 4. Nc3 Be7 5. Bg5 O-O 6. e3 b6 7. Bd3 Bb7 8. O-O
Nbd7 9. cxd5 exd5 10. Qa4 Ne4 11. Bxe7 Qxe7 12. Bb5 Nxc3 13. bxc3 Rfd8 14. Bc6
Bxc6 15. Qxc6 Qd6 16. Qa4 c5 17. Rfd1 c4 18. Nd2 f5 19. f3 Nf6 20. Re1 Re8 21.
Re2 Re7 22. Rae1 Rae8 23. e4 fxe4 24. fxe4 dxe4 25. Nxc4 Qc7 26. Qb3 Kh8 27.
Ne3 Rd7 28. d5 Qc5 29. c4 Ng4 30. Qb5 1/2-1/2

[Event "XI Torneo Banco di Roma A"]
[Site "Roma ITA"]
[Date "1988.02.??"]
[Round "5"]
[White "Braga, Fernando Alberto"]
[Black "Marjanovic, Slavoljub"]
[Result "0-1"]
[WhiteElo "2425"]
[BlackElo "2480"]
[PlyCount "124"]
[EventDate "1988.02.20"]

1. d4 d5 2. c4 dxc4 3. Nc3 a6 4. e4 b5 5. a4 b4 6. Na2 Bb7 7. f3 e6 8. Bxc4 c5
9. Ne2 Nc6 10. Be3 cxd4 11. Nxd4 Qb6 12. a5 Qxa5 13. Nc3 Qc7 14. Ncb5 axb5 15.
Nxb5 Qd8 16. Rxa8 Bxa8 17. Ke2 Be7 18. Qa4 Qa5 19. Qxa5 Nxa5 20. Bd3 Bc6 21.
Ra1 Nb7 22. Ra7 e5 23. Nc7+ Kd7 24. Nd5 Nf6 25. Bc4 Rb8 26. Nxe7 Kxe7 27. Bc5+
Ke8 28. Bxb4 Nd7 29. Ba3 Nbc5 30. Kd1 Bb5 31. Bd5 Bf1 32. g3 Bb5 33. Kd2 Ne6
34. Bd6 Rc8 35. Bb7 Rd8 36. Bd5 Rc8 37. Rb7 Bc6 38. Ra7 Bxd5 39. exd5 Nd8 40.
b4 f5 41. b5 g5 42. b6 Rc4 43. b7 Rd4+ 44. Kc3 Rxd5 45. b8=Q Nxb8 46. Bxb8 h6
47. Kc4 Rd4+ 48. Kc3 Nc6 49. Rh7 Nxb8 50. Rh8+ Ke7 51. Rxb8 Rd1 52. Rb7+ Ke6
53. Rb6+ Kd5 54. Rf6 f4 55. gxf4 gxf4 56. Rxh6 Re1 57. Rh8 Re3+ 58. Kd2 Rxf3
59. h4 Ke4 60. h5 Rh3 61. h6 Rh2+ 62. Kd1 Ke3 0-1

[Event "XI Torneo Banco di Roma A"]
[Site "Roma ITA"]
[Date "1988.02.??"]
[Round "5"]
[White "Rigo, Janos"]
[Black "Hansen, Curt"]
[Result "1/2-1/2"]
[WhiteElo "2370"]
[BlackElo "2560"]
[PlyCount "50"]
[EventDate "1988.02.20"]

1. e4 c5 2. Nf3 e6 3. d4 cxd4 4. Nxd4 Nf6 5. Nc3 d6 6. g4 Be7 7. g5 Nfd7 8. Rg1
Nc6 9. Be3 O-O 10. h4 Nb6 11. h5 d5 12. exd5 exd5 13. h6 Re8 14. Nxc6 bxc6 15.
Qd4 Bf8 16. hxg7 Bxg7 17. Qf4 d4 18. O-O-O dxc3 19. Rxd8 cxb2+ 20. Kb1 Rxd8 21.
Bd3 Rxd3 22. cxd3 Nd5 23. Qf3 Be6 24. Bd2 Rd8 25. Kc2 c5 1/2-1/2

[Event "XI Torneo Banco di Roma A"]
[Site "Roma ITA"]
[Date "1988.02.??"]
[Round "6"]
[White "Lukacs, Peter"]
[Black "Rigo, Janos"]
[Result "1/2-1/2"]
[WhiteElo "2490"]
[BlackElo "2370"]
[PlyCount "20"]
[EventDate "1988.02.20"]

1. Nf3 Nf6 2. c4 c5 3. e3 e6 4. d4 cxd4 5. exd4 d5 6. Nc3 Nc6 7. Bd3 Be7 8. O-O
O-O 9. cxd5 exd5 10. Re1 Bg4 1/2-1/2

[Event "XI Torneo Banco di Roma A"]
[Site "Roma ITA"]
[Date "1988.02.??"]
[Round "6"]
[White "Marjanovic, Slavoljub"]
[Black "Todorcevic Antic, Miodrag"]
[Result "1-0"]
[WhiteElo "2480"]
[BlackElo "2475"]
[PlyCount "53"]
[EventDate "1988.02.20"]

1. e4 g6 2. d4 Bg7 3. Nf3 c6 4. h3 d6 5. a4 Nf6 6. Nc3 O-O 7. a5 Nbd7 8. Bc4 e6
9. O-O d5 10. Bd3 dxe4 11. Nxe4 Nxe4 12. Bxe4 Qc7 13. Re1 a6 14. c3 c5 15. d5
exd5 16. Bxd5 Nf6 17. Bc4 Bf5 18. Qa4 Be4 19. Ng5 Bc6 20. Bf4 Qd7 21. Qa2 Bd5
22. Rad1 Rad8 23. Bxd5 Nxd5 24. Ne4 Rfe8 25. Bg5 f6 26. Bxf6 Rxe4 27. Bxd8 1-0

[Event "XI Torneo Banco di Roma A"]
[Site "Roma ITA"]
[Date "1988.02.??"]
[Round "6"]
[White "Smyslov, Vassily V."]
[Black "Braga, Fernando Alberto"]
[Result "1/2-1/2"]
[WhiteElo "2550"]
[BlackElo "2425"]
[PlyCount "115"]
[EventDate "1988.02.20"]

1. d4 Nf6 2. c4 c5 3. d5 e5 4. Nc3 d6 5. e4 Be7 6. g3 Na6 7. Bg2 Nc7 8. Nh3 h5
9. f3 Bd7 10. a4 b6 11. Be3 Na6 12. Nf2 Nb4 13. h4 g6 14. Na2 Nxa2 15. Rxa2 Kf8
16. b3 Kg7 17. O-O a6 18. Qa1 Ng8 19. Nd3 f6 20. f4 Nh6 21. Bf3 Nf7 22. b4 a5
23. bxc5 bxc5 24. Rb1 Qc7 25. Rab2 Rhb8 26. Bd1 Bc8 27. Rxb8 Rxb8 28. Rxb8 Qxb8
29. Bc2 Ba6 30. Qc3 Qc7 31. Bd2 Bd8 32. Nf2 Qb8 33. Qb3 Qxb3 34. Bxb3 Nh6 35.
fxe5 fxe5 36. Nd1 Nf7 37. Ne3 Bc8 38. Bd1 Bd7 39. Kg2 Nh6 40. Bc2 Bc8 41. Nd1
Nf7 42. Nc3 Bd7 43. Bd1 g5 44. Bxh5 gxh4 45. gxh4 Bxh4 46. Kf3 Ng5+ 47. Ke3 Nh3
48. Nb5 Bxb5 49. axb5 Bd8 50. Bg4 Nf4 51. Bf3 Kg6 52. Be1 a4 53. Bc3 Bg5 54.
Kf2 Bh4+ 55. Kf1 Bd8 56. Ke1 Nd3+ 57. Kd2 Nb4 58. Kc1 1/2-1/2

[Event "XI Torneo Banco di Roma A"]
[Site "Roma ITA"]
[Date "1988.02.??"]
[Round "6"]
[White "Tatai, Stefano"]
[Black "Hansen, Curt"]
[Result "0-1"]
[WhiteElo "2380"]
[BlackElo "2560"]
[PlyCount "70"]
[EventDate "1988.02.20"]

1. d4 Nf6 2. c4 e6 3. Nc3 Bb4 4. e3 b6 5. Nge2 Ne4 6. Qc2 Bb7 7. a3 Bxc3+ 8.
Nxc3 Nxc3 9. Qxc3 O-O 10. b3 d6 11. Bb2 Qf6 12. h4 Nd7 13. f3 Qh6 14. O-O-O f5
15. Kb1 Rae8 16. Qd2 e5 17. d5 f4 18. e4 Nf6 19. b4 Nh5 20. Bd3 Ng3 21. Rh2 Re7
22. Rc1 c5 23. dxc6 Bxc6 24. Bc2 Be8 25. c5 bxc5 26. bxc5 dxc5 27. Bb3+ Bf7 28.
Bxf7+ Kxf7 29. Rxc5 Rb8 30. Ka2 Qb6 31. Qc2 Qa6 32. Bxe5 Rxe5 33. Rxe5 Kf6 34.
Rf5+ Nxf5 35. Qc3+ Nd4 0-1

[Event "XI Torneo Banco di Roma A"]
[Site "Roma ITA"]
[Date "1988.02.??"]
[Round "7"]
[White "Hansen, Curt"]
[Black "Lukacs, Peter"]
[Result "1-0"]
[WhiteElo "2560"]
[BlackElo "2490"]
[PlyCount "63"]
[EventDate "1988.02.20"]

1. c4 Nf6 2. Nc3 e6 3. d4 Bb4 4. Qc2 O-O 5. a3 Bxc3+ 6. Qxc3 b6 7. Bg5 Bb7 8.
e3 d6 9. f3 Nbd7 10. Bd3 h6 11. Bh4 c5 12. Ne2 Rc8 13. Qd2 Ba6 14. Rc1 cxd4 15.
exd4 d5 16. cxd5 Bxd3 17. dxe6 Bxe2 18. Rxc8 Qxc8 19. exd7 Qxd7 20. Kxe2 g5 21.
Bg3 Re8+ 22. Be5 Nh5 23. Kd1 Rd8 24. h4 f6 25. hxg5 fxe5 26. Rxh5 Qb5 27. Ke1
exd4 28. Rxh6 Re8+ 29. Kf2 d3 30. Qf4 Qxb2+ 31. Kg3 Qe5 32. Rd6 1-0

[Event "XI Torneo Banco di Roma A"]
[Site "Roma ITA"]
[Date "1988.02.??"]
[Round "7"]
[White "Lanzani, Mario"]
[Black "Tatai, Stefano"]
[Result "1/2-1/2"]
[WhiteElo "2375"]
[BlackElo "2380"]
[PlyCount "40"]
[EventDate "1988.02.20"]

1. d4 Nf6 2. c4 e6 3. g3 c5 4. d5 exd5 5. cxd5 d6 6. Nc3 g6 7. Bg2 Bg7 8. Nf3
O-O 9. O-O Bg4 10. Nd2 Qd7 11. f3 Bh3 12. Bxh3 Qxh3 13. Nc4 Rd8 14. e4 Na6 15.
Nb5 Ne8 16. Bd2 Nac7 17. Nxc7 Nxc7 18. Bc3 Nb5 19. Bxg7 Kxg7 20. Na5 Nd4
1/2-1/2

[Event "XI Torneo Banco di Roma A"]
[Site "Roma ITA"]
[Date "1988.02.??"]
[Round "7"]
[White "Rigo, Janos"]
[Black "Marjanovic, Slavoljub"]
[Result "1/2-1/2"]
[WhiteElo "2370"]
[BlackElo "2480"]
[PlyCount "26"]
[EventDate "1988.02.20"]

1. e4 c5 2. Nf3 d6 3. d4 cxd4 4. Nxd4 Nf6 5. Nc3 a6 6. a4 Nc6 7. Be2 e6 8. O-O
Be7 9. Kh1 O-O 10. f4 Qc7 11. Be3 Bd7 12. Qe1 Nxd4 13. Bxd4 Bc6 1/2-1/2

[Event "XI Torneo Banco di Roma A"]
[Site "Roma ITA"]
[Date "1988.02.??"]
[Round "8"]
[White "Gulko, Boris F."]
[Black "Todorcevic Antic, Miodrag"]
[Result "1/2-1/2"]
[WhiteElo "2595"]
[BlackElo "2475"]
[PlyCount "68"]
[EventDate "1988.02.20"]

1. d4 g6 2. e4 Bg7 3. c3 d6 4. Bg5 Nf6 5. Nd2 O-O 6. Ngf3 Nbd7 7. Bc4 e5 8. O-O
h6 9. Bh4 c6 10. dxe5 dxe5 11. a4 a5 12. Re1 Qc7 13. Bf1 Nc5 14. Qc2 Nh5 15. b4
axb4 16. cxb4 Ne6 17. Nb3 g5 18. Bg3 Nxg3 19. hxg3 Nd4 20. Nfxd4 exd4 21. Bd3
Qe7 22. Qc5 Qxc5 23. Nxc5 b6 24. Nb3 Be6 25. Nd2 Rfc8 26. a5 Rcb8 27. axb6 Rxa1
28. Rxa1 Rxb6 29. Ra8+ Bf8 30. e5 Bd5 31. Ne4 Bxe4 32. Bxe4 Rxb4 33. Bxc6 d3
34. Rd8 Rc4 1/2-1/2

[Event "XI Torneo Banco di Roma A"]
[Site "Roma ITA"]
[Date "1988.02.??"]
[Round "9"]
[White "Braga, Fernando Alberto"]
[Black "Tatai, Stefano"]
[Result "1-0"]
[WhiteElo "2425"]
[BlackElo "2380"]
[PlyCount "47"]
[EventDate "1988.02.20"]

1. d4 Nf6 2. Nf3 e6 3. Bf4 c5 4. e3 Qb6 5. Nc3 a6 6. a3 Nc6 7. h3 d5 8. dxc5
Qxc5 9. Bd3 b5 10. O-O Bb7 11. e4 Rd8 12. e5 Ne4 13. Ne2 h6 14. c3 Qb6 15. b4
g5 16. Be3 Qc7 17. a4 bxa4 18. Qxa4 Bg7 19. b5 axb5 20. Qxb5 Rd7 21. Bb6 Qc8
22. Rfc1 h5 23. c4 g4 24. Nfd4 1-0

[Event "XI Torneo Banco di Roma A"]
[Site "Roma ITA"]
[Date "1988.02.??"]
[Round "9"]
[White "Lukacs, Peter"]
[Black "Marjanovic, Slavoljub"]
[Result "0-1"]
[WhiteElo "2490"]
[BlackElo "2480"]
[PlyCount "54"]
[EventDate "1988.02.20"]

1. d4 d5 2. Nf3 Nf6 3. c4 dxc4 4. Nc3 c6 5. a4 Bf5 6. e3 e6 7. Bxc4 Bb4 8. O-O
Nbd7 9. Nh4 Bg6 10. Nxg6 hxg6 11. h3 Qa5 12. Qc2 g5 13. Be2 Rh4 14. e4 Bxc3 15.
bxc3 Nxe4 16. g3 Qxc3 17. Bd3 Qxa1 18. gxh4 Nd6 19. Be3 Qa3 20. hxg5 Nb6 21. d5
Nxd5 22. Bc5 Nb4 23. Qd2 Qxd3 24. Qxb4 O-O-O 25. Rc1 Qd5 26. Be3 Rh8 27. Qg4
Nf5 0-1

[Event "XI Torneo Banco di Roma A"]
[Site "Roma ITA"]
[Date "1988.02.??"]
[Round "9"]
[White "Rigo, Janos"]
[Black "Gulko, Boris F."]
[Result "0-1"]
[WhiteElo "2370"]
[BlackElo "2595"]
[PlyCount "42"]
[EventDate "1988.02.20"]

1. e4 e6 2. Nf3 d5 3. Nc3 Nf6 4. e5 Nfd7 5. d4 c5 6. dxc5 Nc6 7. Bf4 Bxc5 8.
Bd3 f6 9. exf6 Nxf6 10. O-O O-O 11. Qe2 Bd7 12. Rad1 a6 13. Na4 Ba7 14. c4 e5
15. cxd5 Nd4 16. Nxd4 Bxd4 17. Bc2 Bb5 18. Qd2 Bxf1 19. Rxf1 b5 20. Bg5 bxa4
21. Qd3 Qd7 0-1

[Event "XI Torneo Banco di Roma A"]
[Site "Roma ITA"]
[Date "1988.02.??"]
[Round "9"]
[White "Todorcevic Antic, Miodrag"]
[Black "Lanzani, Mario"]
[Result "1-0"]
[WhiteElo "2475"]
[BlackElo "2375"]
[PlyCount "63"]
[EventDate "1988.02.20"]

1. e4 e6 2. d3 d5 3. Nd2 Nf6 4. Ngf3 c5 5. g3 Nc6 6. Bg2 Be7 7. O-O O-O 8. Re1
b5 9. exd5 exd5 10. d4 c4 11. c3 Bf5 12. Ne5 Rc8 13. Nf1 h6 14. Ne3 Bh7 15.
N5g4 Ne4 16. f3 Nf6 17. f4 Be4 18. Nxf6+ Bxf6 19. Qh5 g6 20. Qxh6 Bxg2 21. Kxg2
Bg7 22. Qh3 f5 23. g4 Qe7 24. Bd2 Qe4+ 25. Kg1 Qxf4 26. gxf5 Qg5+ 27. Kh1 gxf5
28. Rg1 Qf4 29. Rg2 Qe4 30. Re1 Rce8 31. Qg3 Re7 32. Nxd5 1-0